000 00410nam a2200145Ia 4500
008 180713s9999 xx 000 0 und d
082 _aT28 D2
100 _a"Dakshinamoorthy, A "
245 0 _aIngurunooru
260 _aMadras
260 _b NCBH
260 _c2004
365 _b400
942 _cBK
999 _c110175
_d110175